Volcanoes - Multiple Choice Quiz - Statistics

General Stats
  • This quiz has been taken 163 times
  • The average score is 7 of 15
Answer Stats
Question Answer % Correct
The highest mountain in Mexico is a volcano. True
73%
There are active volcanoes in Antarctica. True
68%
Which element, when burning, creates the phenomenon known as blue lava? Sulphur
55%
Is Mount Ararat active? No
50%
Where is the world's largest lava lake located? D.R. Congo
41%
Vesuvius last erupted in 79 AD. False
41%
Which of these volcanoes is currently active? Mount Fuji
41%
Which of these volcanoes is not in the United States? Mount Garibaldi
41%
Which of these is an extinct volcano? Mount Kenya
41%
Which of these volcanoes is on Mars? Pavonis Mons
41%
Which of these Greek islands isn't volcanic? Andros
36%
Which of these was a VEI-6 eruption? Mount Pinatubo, 1991
32%
Which of these South American volcanoes has the greatest elevation? Ojos del Salado
32%
Which of these is not a volcanic rock? Oolite
32%
Where is the volcano that caused the most recent supereruption located? New Zealand
27%
No matching quizzes found
Score Distribution
Percent of People with Each Score
Percentile by Number Answered
Your Score History
You have not taken this quiz